[Event "Offene Hessische Senioren Einzelmeisters"]
[Site "Bad Sooden- Allendorf"]
[Date "2013.04.20"]
[Round "1.51"]
[White "Papapostolou, Christos"]
[Black "Berger, Volkmar"]
[Result "0-1"]
[WhiteElo "1950"]
[BlackElo "1547"]
[PlyCount "68"]
[EventDate "2013.??.??"]
[WhiteTeam "SK Bad Sooden-Allendorf"]
[BlackTeam "BSV-KW Jänschwalde 94 e.V."]

1. d4 Nf6 2. c4 g6 3. Nc3 Bg7 4. e4 d6 5. Bg5 O-O 6. Qd2 Nc6 7. d5 Ne5 8. f4
Ned7 9. O-O-O a5 10. Bd3 Nc5 11. Bc2 a4 12. Nf3 Bg4 13. Qe3 Nfd7 14. h3 Bxf3
15. gxf3 Nb6 16. Rd4 Bxd4 17. Qxd4 e5 18. Qg1 f6 19. Bh6 Rf7 20. fxe5 fxe5 21.
f4 exf4 22. e5 Qh4 23. Bg5 Qg3 24. e6 Qxg1+ 25. Rxg1 Rff8 26. Bh6 Nxc4 27. Nb5
Na6 28. Bxa4 c6 29. dxc6 bxc6 30. Nd4 Nb4 31. Bb3 Nxa2+ 32. Bxa2 Rxa2 33. Rg4
Ra1+ 34. Kc2 Ne3+ 0-1

[Event "Offene Hessische Senioren Einzelmeisters"]
[Site "Bad Sooden- Allendorf"]
[Date "2013.04.20"]
[Round "1.52"]
[White "Rother, Wilfried"]
[Black "Thieme, Hans"]
[Result "0-1"]
[WhiteElo "1545"]
[BlackElo "1943"]
[PlyCount "73"]
[EventDate "2013.??.??"]
[WhiteTeam "SK 1950 Vellmar"]
[BlackTeam "SV Oberursel"]

1. g3 Nf6 2. Bg2 c5 3. Nf3 b6 4. c4 Bb7 5. Nc3 e6 6. O-O a6 7. e3 Qc7 8. Qe2 d6
9. b3 Nbd7 10. Bb2 Be7 11. Rac1 O-O 12. a3 Rfe8 13. Rfd1 Bf8 14. Qf1 Rac8 15.
Nh4 Bxg2 16. Qxg2 Qb8 17. Ne2 b5 18. g4 g6 19. Nf3 Red8 20. h4 h5 21. gxh5 Nxh5
22. Ng5 Bg7 23. Bxg7 Kxg7 24. Ng3 Rh8 25. Kf1 Rce8 26. d4 bxc4 27. bxc4 Qb2 28.
Qc6 Nhf6 29. Nf3 cxd4 30. Rb1 Qxa3 31. Ra1 Qb2 32. Rab1 Qa3 33. Ra1 Qc5 34.
Qxc5 dxc5 35. exd4 cxd4 36. Rxd4 Nc5 37. Rg4 0-1

[Event "Offene Hessische Senioren Einzelmeisters"]
[Site "Bad Sooden- Allendorf"]
[Date "2013.04.20"]
[Round "1.53"]
[White "Just, Joachim"]
[Black "Daebel, Dr. Hasso"]
[Result "1-0"]
[WhiteElo "1912"]
[BlackElo "1538"]
[PlyCount "61"]
[EventDate "2013.??.??"]
[WhiteTeam "SV Motor Zeitz"]
[BlackTeam "Drewer (Marl) SG"]

1. Nf3 d5 2. d4 Nf6 3. g3 h6 4. c4 c6 5. Bg2 dxc4 6. Ne5 Be6 7. Nc3 Nd5 8. e4
Nxc3 9. bxc3 Nd7 10. f4 Nxe5 11. fxe5 Qa5 12. Qf3 Rd8 13. O-O f6 14. Bd2 fxe5
15. Qh5+ Kd7 16. d5 Qc5+ 17. Kh1 cxd5 18. Qxe5 Qd6 19. Qd4 Qb6 20. exd5 Qxd4
21. dxe6+ Kc8 22. cxd4 Rxd4 23. Bf4 c3 24. Rac1 Rc4 25. Rf3 Rxf4 26. Rcxc3+ Kb8
27. Rxf4 g5 28. Rf7 h5 29. Rcf3 Rg8 30. Rxf8+ Rxf8 31. Rxf8+ 1-0

[Event "Offene Hessische Senioren Einzelmeisters"]
[Site "Bad Sooden- Allendorf"]
[Date "2013.04.20"]
[Round "1.54"]
[White "Krüger, Bernhard"]
[Black "Noblé, Alexander"]
[Result "0-1"]
[WhiteElo "1537"]
[BlackElo "1907"]
[PlyCount "99"]
[EventDate "2013.??.??"]
[WhiteTeam "SC Grunbach"]
[BlackTeam "SC Bad Nauheim"]

1. d4 e6 2. Nf3 f5 3. c4 Nf6 4. Bg5 Be7 5. Nc3 b6 6. e3 Bb7 7. Be2 O-O 8. O-O
d6 9. Qb3 h6 10. Bxf6 Rxf6 11. d5 e5 12. c5 Ba6 13. c6 Bxe2 14. Nxe2 a5 15.
Nxe5 dxe5 16. d6+ Kh8 17. dxe7 Qxe7 18. Nc3 Qe8 19. Rac1 Na6 20. Rfd1 Rxc6 21.
Qb5 Re6 22. Qd7 Rc8 23. Qd3 Nc5 24. Qxf5 Rf6 25. Qh3 Rd8 26. e4 Rfd6 27. Qf3
Nd3 28. Rb1 Nf4 29. Nd5 Qd7 30. Ne3 g6 31. Rxd6 Qxd6 32. Rd1 Qe7 33. Rxd8+ Qxd8
34. Nd5 Nxd5 35. exd5 Kg7 36. Qe4 Qg5 37. Qc2 Qe7 38. Qc3 Kf7 39. Qf3+ Qf6 40.
Qh3 Qf5 41. g4 Qb1+ 42. Kg2 Qxa2 43. Qf3+ Kg7 44. h3 Qxb2 45. h4 Qd4 46. g5
hxg5 47. hxg5 Qf4 48. Qxf4 exf4 49. Kf3 b5 50. Ke2 0-1

[Event "Offene Hessische Senioren Einzelmeisters"]
[Site "Bad Sooden- Allendorf"]
[Date "2013.04.20"]
[Round "1.55"]
[White "Montsma, Foppe-Jan"]
[Black "Narr, Irmgard"]
[Result "1-0"]
[WhiteElo "1906"]
[BlackElo "1529"]
[PlyCount "81"]
[EventDate "2013.??.??"]
[BlackTeam "SC Mühlhof-Reichelsdorf e.V."]

1. e4 e6 2. b3 d6 3. Bb2 Be7 4. Bxg7 Bf6 5. Bxh8 Bxh8 6. d4 Qh4 7. Nc3 Nf6 8.
g3 Qg5 9. Nf3 Qa5 10. Qd2 Nc6 11. Bd3 Bd7 12. Ne2 Qh5 13. Qe3 O-O-O 14. c3 Rg8
15. Nf4 Qa5 16. b4 Qb6 17. a4 a5 18. b5 Ne7 19. h3 Bg7 20. Ne2 Ng6 21. c4 Ne8
22. c5 dxc5 23. dxc5 Qa7 24. Rc1 c6 25. Ned4 Ne7 26. O-O Qb8 27. Rc2 e5 28. Nf5
Nxf5 29. exf5 Bf6 30. Nd2 Bg5 31. Qf3 Nf6 32. Ne4 Nxe4 33. Bxe4 cxb5 34. axb5
Bxb5 35. Rb1 Ba6 36. Bxb7+ Bxb7 37. c6 Qa7 38. cxb7+ Kb8 39. Qc6 Qd4 40. Qc7+
Ka7 41. b8=Q+ 1-0

[Event "Offene Hessische Senioren Einzelmeisters"]
[Site "Bad Sooden- Allendorf"]
[Date "2013.04.20"]
[Round "1.56"]
[White "Brueckner, Ewald"]
[Black "Ditmas, Hugh"]
[Result "0-1"]
[WhiteElo "1526"]
[BlackElo "1902"]
[Annotator ",Microsoft"]
[PlyCount "65"]
[EventDate "2013.??.??"]
[WhiteTeam "1.Hainstädter SC 1950"]
[BlackTeam "Bremer SG von 1877"]

1. f4 c5 2. Nf3 Nc6 3. e3 g6 4. Be2 Bg7 5. O-O d6 6. c3 Nf6 7. d4 cxd4 8. cxd4
O-O 9. Nc3 d5 10. Ne5 h5 11. Bf3 Rb8 12. a3 Bf5 13. Kh1 e6 14. Rg1 Nxe5 15.
fxe5 Ne4 16. Qe1 Nxc3 17. bxc3 Rc8 18. Bd2 Qe7 19. g4 hxg4 20. e4 gxf3 21. exf5
exf5 22. Qf2 Rfd8 23. Bg5 f6 24. Bxf6 Bxf6 25. exf6 Qxf6 26. Qxf3 Rc6 27. Raf1
Kf7 28. Rg3 Qe6 29. Rb1 b6 30. Rh3 Kg7 31. Rh4 Rh8 32. Rf4 Rhc8 33. Rc1 {Rest
nicht zu rekonstruieren} 0-1

[Event "Offene Hessische Senioren Einzelmeisters"]
[Site "Bad Sooden- Allendorf"]
[Date "2013.04.20"]
[Round "1.57"]
[White "Schumacher, Helmut"]
[Black "Völler, Lothar"]
[Result "1/2-1/2"]
[WhiteElo "1902"]
[BlackElo "1524"]
[PlyCount "63"]
[EventDate "2013.??.??"]
[WhiteTeam "DJK Aufwärts St. Josef Aachen 19"]
[BlackTeam "Dortmund"]

1. d4 g6 2. e4 Bg7 3. Nc3 d6 4. Nge2 Nf6 5. g3 O-O 6. Bg2 e5 7. h3 Nc6 8. Be3
Bd7 9. O-O Nh5 10. d5 Ne7 11. g4 Nf6 12. Ng3 Kh8 13. Qd2 Qc8 14. Kh2 Nfg8 15.
Nce2 f5 16. gxf5 gxf5 17. exf5 Nxf5 18. Nxf5 Bxf5 19. Ng3 Bg6 20. Rae1 Qd7 21.
c4 Rf7 22. Qe2 Raf8 23. h4 Bf5 24. Nxf5 Qxf5 25. Bh3 Qe4 26. Qg4 Nf6 27. Qxe4
Nxe4 28. Re2 Nc5 29. b3 b6 30. Rg1 Nd3 31. Rg2 Nf4 32. Bxf4 1/2-1/2

[Event "Offene Hessische Senioren Einzelmeisters"]
[Site "Bad Sooden- Allendorf"]
[Date "2013.04.20"]
[Round "1.58"]
[White "Fuchs, Manfred"]
[Black "Niebuhr, Gerd"]
[Result "0-1"]
[WhiteElo "1523"]
[BlackElo "1902"]
[PlyCount "64"]
[EventDate "2013.??.??"]
[WhiteTeam "SC Erkrath 1973"]
[BlackTeam "Freibauer Wedemark"]

1. d4 Nf6 2. c4 g6 3. Nc3 d5 4. e3 Bg7 5. h3 O-O 6. Nf3 c5 7. Qb3 dxc4 8. Bxc4
Nc6 9. O-O cxd4 10. Nd5 Na5 11. Nxf6+ Bxf6 12. Qb4 Nxc4 13. Qxc4 Be6 14. Qd3
Rc8 15. Rd1 dxe3 16. Bxe3 Qxd3 17. Rxd3 a6 18. Rd2 Rfd8 19. Rad1 Rxd2 20. Rxd2
Bxa2 21. b4 Be6 22. Bc5 Kf8 23. Nd4 Ke8 24. Nxe6 fxe6 25. Re2 Rc6 26. Ra2 Kd7
27. f4 g5 28. Rd2+ Kc7 29. Be3 gxf4 30. Bxf4+ e5 31. Be3 Rc4 32. Rb2 Kc6 0-1

[Event "Offene Hessische Senioren Einzelmeisters"]
[Site "Bad Sooden- Allendorf"]
[Date "2013.04.20"]
[Round "1.59"]
[White "Kleist, Werner"]
[Black "Hegner, Peter"]
[Result "0-1"]
[WhiteElo "1900"]
[BlackElo "1521"]
[PlyCount "62"]
[EventDate "2013.??.??"]
[WhiteTeam "Berlin"]
[BlackTeam "SC Bad Soden"]

1. b4 e5 2. b5 Nf6 3. Bb2 d6 4. e3 Be7 5. c4 Nbd7 6. Nc3 O-O 7. Nf3 Nc5 8. d4
exd4 9. Nxd4 Re8 10. Be2 Bf8 11. O-O Nfe4 12. Bf3 Ng5 13. Bd5 Bd7 14. f4 Nge6
15. Qh5 g6 16. Qf3 Rb8 17. f5 Ng5 18. Bxf7+ Nxf7 19. fxg6 Ng5 20. gxh7+ Kh8 21.
Qh5 Re5 22. Qg6 Bg7 23. Rf4 Qe8 24. Qxe8+ Rbxe8 25. h4 Nxh7 26. Rf7 Rxe3 27.
Nd5 R3e4 28. Rd1 Re1+ 29. Rxe1 Rxe1+ 30. Kh2 Re4 31. Rxg7 Kxg7 0-1

[Event "Offene Hessische Senioren Einzelmeisters"]
[Site "Bad Sooden- Allendorf"]
[Date "2013.04.20"]
[Round "1.60"]
[White "Otto, Klaus"]
[Black "Kotlar, Alfred"]
[Result "0-1"]
[WhiteElo "1520"]
[BlackElo "1898"]
[PlyCount "70"]
[EventDate "2013.??.??"]
[WhiteTeam "Thüringer SV Triebes"]
[BlackTeam "SK Recklinghausen Altsta"]

1. e4 g6 2. d4 Bg7 3. c3 a6 4. Be3 d6 5. Qd2 Nd7 6. Be2 b6 7. Na3 Bb7 8. Bf3 c5
9. Ne2 Qc7 10. Rc1 Ngf6 11. Ng3 O-O 12. O-O Rad8 13. Bh6 Ne8 14. Bxg7 Nxg7 15.
Rfe1 b5 16. Qg5 f6 17. Qe3 Qb8 18. Nc2 Qa8 19. b4 c4 20. Rcd1 e6 21. d5 e5 22.
Be2 Bc8 23. f3 Qb7 24. Ra1 Nb6 25. Rf1 f5 26. Nh1 Na4 27. Nf2 Rf7 28. Kh1 Qe7
29. Nd1 Rdf8 30. Kg1 Nh5 31. Rb1 Nf4 32. g3 Nxe2+ 33. Qxe2 fxe4 34. Qxe4 Bf5
35. Qe2 Bd3 0-1

[Event "Offene Hessische Senioren Einzelmeisters"]
[Site "Bad Sooden- Allendorf"]
[Date "2013.04.20"]
[Round "1.62"]
[White "Hespers, Rolf"]
[Black "Zwanepol, Johan"]
[Result "0-1"]
[WhiteElo "1516"]
[BlackElo "1884"]
[PlyCount "79"]
[EventDate "2013.??.??"]
[WhiteTeam "TuS Osterburg Weida"]

1. d4 Nf6 2. c4 c5 3. d5 b5 4. b3 g6 5. Bb2 Bg7 6. Nf3 a6 7. e3 O-O 8. Be2 d6
9. O-O bxc4 10. bxc4 Nbd7 11. Nbd2 Nb6 12. e4 Bd7 13. Qc2 Na4 14. Bxf6 Bxf6 15.
Rae1 Rb8 16. Nb3 Rb4 17. Bd3 Qc7 18. Re3 Rfb8 19. Rfe1 Bg7 20. e5 Re8 21. exd6
Qxd6 22. h4 Nb2 23. Ne5 Nxd3 24. Qxd3 Bf5 25. Qe2 Bh6 26. Rf3 Bg7 27. Nxf7 Kxf7
28. g4 Kg8 29. gxf5 gxf5 30. Rxf5 Rf8 31. Rg5 Kh8 32. Rg4 Rb7 33. Qe6 Qc7 34.
Rge4 Bf6 35. Rg4 Rb6 36. Qe3 Qc8 37. Qg3 Qf5 38. Kh1 Rbb8 39. Rg1 Be5 40. Rg8+
0-1

[Event "Offene Hessische Senioren Einzelmeisters"]
[Site "Bad Sooden- Allendorf"]
[Date "2013.04.20"]
[Round "1.63"]
[White "Bachmann, Rolf"]
[Black "Graffenberger, Wilhelm"]
[Result "1-0"]
[WhiteElo "1881"]
[BlackElo "1515"]
[PlyCount "95"]
[EventDate "2013.??.??"]
[WhiteTeam "SVigung Hamm"]
[BlackTeam "Hamburger SK von 1830 eV"]

1. d4 Nf6 2. c4 e6 3. Nf3 c6 4. Nc3 Be7 5. Bg5 O-O 6. e3 d6 7. Bd3 Nbd7 8. O-O
h6 9. Bh4 e5 10. Rc1 Re8 11. Bb1 b6 12. Qc2 Qc7 13. Bg3 g6 14. Nh4 Nf8 15. Nf3
N6d7 16. b4 a6 17. Qb3 Ne6 18. d5 Ng5 19. Nd2 c5 20. f4 cxb4 21. Qxb4 Nh7 22.
f5 Bg5 23. Rf3 Ndf8 24. Nce4 Bxf5 25. Qxd6 Bd8 26. Qa3 Ng5 27. Nxg5 Bxg5 28.
Bxf5 gxf5 29. Rxf5 f6 30. h4 Qd7 31. Rcf1 b5 32. hxg5 hxg5 33. Ne4 Nh7 34.
Nxf6+ Nxf6 35. Rxf6 bxc4 36. e4 Qg4 37. Qf3 Qxf3 38. R1xf3 Rac8 39. Rc3 a5 40.
Rg6+ Kh7 41. Rxg5 Rg8 42. Rxg8 Kxg8 43. Bxe5 Kf7 44. Bf4 a4 45. Kf2 Kf6 46. Ke3
Ke7 47. Kd4 Kd7 48. Rxc4 1-0

[Event "Offene Hessische Senioren Einzelmeisters"]
[Site "Bad Sooden- Allendorf"]
[Date "2013.04.20"]
[Round "1.65"]
[White "Busic, Nedjeljko"]
[Black "Burkardt, Robert"]
[Result "1-0"]
[WhiteElo "1877"]
[BlackElo "1507"]
[PlyCount "63"]
[EventDate "2013.??.??"]
[WhiteTeam "SC Bad Nauheim"]
[BlackTeam "SV 1926 Fechenheim"]

1. e4 c5 2. Nf3 Nc6 3. Nc3 d6 4. d4 cxd4 5. Nxd4 Bd7 6. Be2 g6 7. Be3 Bg7 8.
Qd2 Nf6 9. Rd1 O-O 10. O-O a6 11. f4 Qc8 12. h3 Qc7 13. Bf3 Rac8 14. Qf2 Nxd4
15. Bxd4 Bc6 16. e5 dxe5 17. fxe5 Nd7 18. Bxc6 Qxc6 19. Rfe1 f5 20. exf6 Bxf6
21. Bxf6 exf6 22. Nd5 Qc5 23. Ne7+ Kf7 24. Nxc8 Qxc8 25. Qe3 Ne5 26. c3 Re8 27.
Qd4 Re7 28. Rf1 Kg7 29. Kh1 Re6 30. b3 b5 31. Rf4 Rc6 32. Rdf1 1-0

[Event "Offene Hessische Senioren Einzelmeisters"]
[Site "Bad Sooden- Allendorf"]
[Date "2013.04.20"]
[Round "1.66"]
[White "Bill, Eugen"]
[Black "Nagorni, Walter"]
[Result "0-1"]
[WhiteElo "1496"]
[BlackElo "1876"]
[PlyCount "60"]
[EventDate "2013.??.??"]
[WhiteTeam "SV Lahn Limburg"]
[BlackTeam "SG Weiß-Blau Eilenriede"]

1. d4 Nf6 2. c4 c5 3. dxc5 Qa5+ 4. Bd2 Qxc5 5. Nf3 Qxc4 6. e3 Qc7 7. Nc3 Nc6 8.
Rc1 Qd8 9. g3 g6 10. Bg2 Bg7 11. O-O O-O 12. a3 d6 13. b4 a6 14. Ne2 Bd7 15.
Nfd4 Rc8 16. Nxc6 Bxc6 17. Bxc6 Rxc6 18. Rxc6 bxc6 19. Qa4 Ne4 20. Rd1 Qb6 21.
Be1 Ng5 22. Bc3 Bxc3 23. Nxc3 Nf3+ 24. Kg2 Ne5 25. Ne4 Qb5 26. Qb3 a5 27. Nc3
Qb7 28. Kg1 axb4 29. axb4 Rb8 30. Rb1 Nf3+ 0-1

[Event "Offene Hessische Senioren Einzelmeisters"]
[Site "Bad Sooden- Allendorf"]
[Date "2013.04.20"]
[Round "1.68"]
[White "Fuhlrott, Heinz"]
[Black "Mentel, Dr. Jürgen"]
[Result "0-1"]
[WhiteElo "1489"]
[BlackElo "1852"]
[PlyCount "66"]
[EventDate "2013.??.??"]
[WhiteTeam "MTV Fichte Winsen"]
[BlackTeam "Greifswalder SV"]

1. d4 d6 2. Bg5 g6 3. e3 c6 4. Bd3 Qa5+ 5. Nd2 Qxg5 6. Ngf3 Qa5 7. O-O Bg7 8.
b4 Qc7 9. c4 Bg4 10. Qb3 Bxf3 11. Nxf3 e6 12. Rac1 Ne7 13. d5 exd5 14. cxd5 O-O
15. Ng5 Qd7 16. e4 cxd5 17. exd5 Na6 18. Rc2 Rac8 19. Re2 Rc3 20. Qd1 Nxb4 21.
Be4 Qc7 22. g3 Rc8 23. Qa4 Na6 24. Bf3 Rc1 25. Rfe1 Rxe1+ 26. Rxe1 Qd8 27. Qf4
Nf5 28. Qa4 Qxg5 29. Kg2 Be5 30. Qd7 Qd8 31. Qxb7 Nc5 32. Qb1 Rb8 33. Qc1 Nd3
0-1

[Event "Offene Hessische Senioren Einzelmeisters"]
[Site "Bad Sooden- Allendorf"]
[Date "2013.04.20"]
[Round "1.69"]
[White "Grabitz, Dr. Georg"]
[Black "Baier, Peter"]
[Result "1-0"]
[WhiteElo "1852"]
[BlackElo "1479"]
[PlyCount "95"]
[EventDate "2013.??.??"]
[WhiteTeam "Plesse Bovenden"]
[BlackTeam "TTC Blau-Weiß Geldern Veert e.V."]

1. e4 e5 2. Nf3 Nc6 3. d4 exd4 4. Bc4 d6 5. Nxd4 Bd7 6. Nc3 Nf6 7. Nxc6 bxc6 8.
O-O Be7 9. f3 h6 10. Be3 O-O 11. Qd2 Nh7 12. Rad1 Be6 13. Bb3 Bxb3 14. axb3 c5
15. Ra1 a6 16. Qd3 Qc8 17. Ra4 Nf6 18. Rfa1 Qb7 19. Rxa6 Rxa6 20. Qxa6 Rb8 21.
Qxb7 Rxb7 22. Ra8+ Kh7 23. Bc1 g6 24. Kf2 c6 25. Ra6 Rc7 26. Bd2 Nd7 27. Nd1
Ne5 28. Ba5 Rd7 29. Bc3 g5 30. Bxe5 dxe5 31. Ke2 Rc7 32. Ne3 h5 33. Nc4 f6 34.
Na5 g4 35. Nxc6 gxf3+ 36. gxf3 Bf8 37. Ra7 Rxa7 38. Nxa7 Kg7 39. Nb5 Kf7 40.
Nc3 Ke6 41. Kd3 f5 42. Nd5 fxe4+ 43. Kxe4 Bh6 44. b4 cxb4 45. Nxb4 h4 46. h3
Bf4 47. Nd3 Bg3 48. b4 1-0

[Event "Offene Hessische Senioren Einzelmeisters"]
[Site "Bad Sooden- Allendorf"]
[Date "2013.04.20"]
[Round "1.70"]
[White "Neumann, Dr. Peter"]
[Black "Van Dongen, Rob"]
[Result "1/2-1/2"]
[WhiteElo "1478"]
[BlackElo "1839"]
[PlyCount "57"]
[EventDate "2013.??.??"]
[WhiteTeam "SF Ostsee Warnemünde"]
[BlackTeam "VAS Amsterdam"]

1. d4 Nf6 2. c4 d6 3. Nc3 e5 4. d5 Be7 5. e4 O-O 6. f3 Ne8 7. Bd3 Na6 8. a3 Nc5
9. Bc2 a5 10. Be3 Bg5 11. Qd2 Bxe3 12. Qxe3 f5 13. exf5 Bxf5 14. Bxf5 Rxf5 15.
Ne4 Nxe4 16. Qxe4 g6 17. Ne2 Nf6 18. Qd3 Nd7 19. Qc3 Nc5 20. Ng3 Rf8 21. b3 b6
22. O-O a4 23. b4 Nb3 24. Ra2 Nd4 25. Raf2 Nf5 26. Ne2 Qe7 27. Re1 Rae8 28. Nf4
Nd4 29. Ne2 1/2-1/2

[Event "Offene Hessische Senioren Einzelmeisters"]
[Site "Bad Sooden- Allendorf"]
[Date "2013.04.20"]
[Round "1.71"]
[White "Krotofil, Kurt"]
[Black "Lübbecke, Gerd"]
[Result "1-0"]
[WhiteElo "1834"]
[BlackElo "1478"]
[PlyCount "45"]
[EventDate "2013.??.??"]
[WhiteTeam "Niendorfer TSV 1919 SAbt"]
[BlackTeam "SC Friedrichsthal"]

1. d4 Nf6 2. c4 e6 3. Nc3 Bb4 4. e3 Bxc3+ 5. bxc3 c5 6. Bd3 Nc6 7. Nf3 d6 8. e4
h6 9. O-O O-O 10. h3 e5 11. d5 Na5 12. Be3 b6 13. Nd2 Nd7 14. Nb3 Nb7 15. Qg4
Nf6 16. Qe2 Nh7 17. g4 Qh4 18. Kg2 h5 19. f3 hxg4 20. hxg4 Qf6 21. Rh1 g5 22.
Rh5 Qg7 23. Rah1 1-0

[Event "Offene Hessische Senioren Einzelmeisters"]
[Site "Bad Sooden- Allendorf"]
[Date "2013.04.20"]
[Round "1.72"]
[White "Klose, Hans-Peter"]
[Black "Perk, Egbert"]
[Result "0-1"]
[WhiteElo "1465"]
[BlackElo "1834"]
[PlyCount "56"]
[EventDate "2013.??.??"]
[WhiteTeam "ESV Rot-Weiß Göttingen"]
[BlackTeam "SK Lister Turm"]

1. c4 e5 2. g3 Nf6 3. Bg2 Be7 4. Nc3 c6 5. e4 d6 6. Nge2 c5 7. O-O Nc6 8. d3
O-O 9. Nd5 Nxd5 10. cxd5 Nd4 11. Nxd4 cxd4 12. a4 a5 13. b3 Bd7 14. f4 f5 15.
fxe5 dxe5 16. Ba3 Ra6 17. Bxe7 Qxe7 18. Qd2 Qd6 19. Rf2 Rb6 20. exf5 Rxb3 21.
Be4 Rb4 22. f6 Rxf6 23. Raf1 Rxf2 24. Qxf2 Qe7 25. Qf3 Qf6 26. Bxh7+ Kxh7 27.
Qh5+ Qh6 28. Qxe5 Qe3+ 0-1

[Event "Offene Hessische Senioren Einzelmeisters"]
[Site "Bad Sooden- Allendorf"]
[Date "2013.04.20"]
[Round "1.73"]
[White "Leutz, Hans"]
[Black "Hopp, Dr. Barbara"]
[Result "1-0"]
[WhiteElo "1832"]
[BlackElo "1464"]
[Annotator ",Microsoft"]
[PlyCount "127"]
[EventDate "2013.??.??"]
[WhiteTeam "SV Ebersbach"]
[BlackTeam "SV Oberursel"]

1. d4 Nf6 2. Nf3 g6 3. e3 Bg7 4. Bd3 d6 5. O-O O-O 6. Qe2 Nbd7 7. Rd1 c5 8. c3
a6 9. a4 b6 10. Nbd2 Bb7 11. e4 Qc7 12. Nf1 Rfe8 13. Ng3 e6 14. Bd2 Rec8 15. b3
Ne8 16. Rac1 Qd8 17. Bb1 d5 18. e5 c4 19. b4 Bc6 20. Bc2 Nf8 21. Bg5 Qd7 22.
Ra1 f6 23. exf6 Nxf6 24. Ne5 Qe8 25. h4 N8d7 26. Nxd7 Bxd7 27. Re1 Qf7 28. Qd2
Re8 29. Re3 h6 30. Rf3 hxg5 31. hxg5 Qe7 32. gxf6 Bxf6 33. Bxg6 Bg5 34. Qc2 Rf8
35. Rxf8+ Rxf8 36. Bh5 Rf6 37. Re1 Qg7 38. a5 b5 $11 39. Qe2 Bf4 40. Nf1 Rh6
41. Qg4 Qxg4 42. Bxg4 Kf7 43. g3 Bd6 44. Ne3 Bc6 45. Ng2 Bd7 46. Nh4 Kf6 47.
Kg2 Rh7 48. Nf3 Rg7 49. Bh3 Re7 50. Ne5 Be8 51. f4 Bxe5 52. Rxe5 Bg6 53. g4
Be4+ 54. Kg3 Kf7 55. g5 Bf5 56. Bxf5 exf5 57. Rxf5+ Kg7 58. Re5 Rd7 59. f5 Kf7
60. Kf4 Rd6 61. g6+ Kf6 62. Re8 Rd7 63. Re6+ Kg7 64. Kg5 1-0

[Event "Offene Hessische Senioren Einzelmeisters"]
[Site "Bad Sooden- Allendorf"]
[Date "2013.04.20"]
[Round "1.74"]
[White "Knaak, Hans"]
[Black "Jürgens, Peter"]
[Result "0-1"]
[WhiteElo "1463"]
[BlackElo "1832"]
[PlyCount "40"]
[EventDate "2013.??.??"]
[WhiteTeam "Forster SC 95"]
[BlackTeam "SC Tempo Göttingen"]

1. d4 e6 2. c4 Nf6 3. Nc3 Bb4 4. Qc2 d5 5. Bg5 dxc4 6. e3 b5 7. a3 Bxc3+ 8.
bxc3 Bb7 9. Nf3 Nbd7 10. Be2 O-O 11. Rb1 a6 12. Bxc4 Bxf3 13. Bd3 Bc6 14. e4 h6
15. Bh4 Qc8 16. e5 Nd5 17. c4 bxc4 18. Qxc4 Bb5 19. Qc2 c5 20. Be4 cxd4 0-1

[Event "Offene Hessische Senioren Einzelmeisters"]
[Site "Bad Sooden- Allendorf"]
[Date "2013.04.20"]
[Round "1.76"]
[White "Köhler, Marianne"]
[Black "Rürup, Hans-Heinz"]
[Result "0-1"]
[WhiteElo "1438"]
[BlackElo "1825"]
[PlyCount "96"]
[EventDate "2013.??.??"]
[WhiteTeam "SG 2011 Sennewit"]
[BlackTeam "SV Bad Oeynhausen"]

1. e4 c5 2. Nf3 e6 3. Be2 Nc6 4. c3 d5 5. e5 Nge7 6. O-O d4 7. d3 Ng6 8. Bg5
Be7 9. Bxe7 Qxe7 10. cxd4 cxd4 11. Qa4 Qc5 12. Nbd2 Bd7 13. Rfc1 Qd5 14. Qc4
Qxc4 15. Nxc4 O-O 16. a4 Rad8 17. a5 a6 18. Nd6 Bc8 19. Rc5 f6 20. Nxc8 Rxc8
21. exf6 gxf6 22. Rac1 Rfd8 23. g3 e5 24. h4 Re8 25. Nd2 Nf8 26. Bg4 Ne6 27.
Bxe6+ Rxe6 28. Kh2 f5 29. f3 Rce8 30. Kh3 Nb4 31. Rc8 Nxd3 32. Rxe8+ Rxe8 33.
Rc7 e4 34. fxe4 fxe4 35. Nc4 e3 36. Nd6 Rf8 37. Re7 Rf2 38. g4 e2 39. Kg3 Rf6
40. Re8+ Kg7 41. Re7+ Kg6 42. h5+ Kh6 43. Nf5+ Rxf5 44. Re6+ Kg5 45. gxf5 e1=Q+
46. Rxe1 Nxe1 47. Kf2 Nc2 48. Ke2 Nb4 0-1

[Event "Offene Hessische Senioren Einzelmeisters"]
[Site "Bad Sooden- Allendorf"]
[Date "2013.04.20"]
[Round "1.77"]
[White "Scheide, Helmut"]
[Black "Garbe, Eckhard"]
[Result "1/2-1/2"]
[WhiteElo "1824"]
[BlackElo "1434"]
[PlyCount "69"]
[EventDate "2013.??.??"]
[WhiteTeam "USV Potsdam e.V., Abt. Schach"]
[BlackTeam "SV Blau-Weiß Grevesmühlen"]

1. d4 c6 2. c4 d5 3. e3 Nf6 4. Nc3 e6 5. Nf3 Nbd7 6. Bd3 dxc4 7. Bxc4 Bd6 8.
O-O O-O 9. e4 e5 10. Be3 Re8 11. Qb3 Rf8 12. Ng5 Qe7 13. a4 h6 14. Nf3 exd4 15.
Bxd4 Be5 16. Rfe1 Bxd4 17. Nxd4 Ne5 18. Be2 Rd8 19. Rad1 g6 20. h3 c5 21. Nf3
Nxf3+ 22. Bxf3 Be6 23. Qc2 Rxd1 24. Rxd1 Rd8 25. Rxd8+ Qxd8 26. e5 Nd7 27. Bxb7
Nxe5 28. Ne4 c4 29. Nc5 Bf5 30. Be4 Bxe4 31. Qxe4 Qd1+ 32. Kh2 Qd6 33. f4 Qxc5
34. Qxe5 Qxe5 35. fxe5 1/2-1/2

[Event "Offene Hessische Senioren Einzelmeisters"]
[Site "Bad Sooden- Allendorf"]
[Date "2013.04.20"]
[Round "1.78"]
[White "Jobski, Werner"]
[Black "Schnaitmann, Herbert"]
[Result "0-1"]
[WhiteElo "1416"]
[BlackElo "1818"]
[PlyCount "46"]
[EventDate "2013.??.??"]
[WhiteTeam "SF Schwerte 1951"]
[BlackTeam "SC Grunbach"]

1. e4 c6 2. Nf3 d5 3. e5 Bf5 4. Nd4 Bg6 5. d3 e6 6. Be2 c5 7. Nf3 Ne7 8. d4
Nec6 9. c3 Nd7 10. O-O Be7 11. Be3 O-O 12. Nbd2 Qb6 13. Qb3 Qc7 14. Rad1 c4 15.
Nxc4 dxc4 16. Qxc4 Bc2 17. Rd2 Nb6 18. Rxc2 Nxc4 19. Bxc4 Rfd8 20. Nd2 a6 21.
Ne4 b5 22. Bd3 Nxe5 23. Bf4 Nf3+ 0-1

[Event "Offene Hessische Senioren Einzelmeisters"]
[Site "Bad Sooden- Allendorf"]
[Date "2013.04.20"]
[Round "1.79"]
[White "Görtz, Hans"]
[Black "Wauer, Klaus"]
[Result "1-0"]
[WhiteElo "1813"]
[BlackElo "1399"]
[PlyCount "31"]
[EventDate "2013.??.??"]
[WhiteTeam "DJK Wacker Bergeborbeck 1922"]
[BlackTeam "SC 51 Nordhausen"]

1. d4 d5 2. c4 c6 3. Nf3 Nf6 4. e3 a6 5. Nc3 Bf5 6. Be2 Nbd7 7. O-O e6 8. b3
Be7 9. Bb2 O-O 10. Nh4 Bg6 11. Nxg6 fxg6 12. Bg4 Nxg4 13. Qxg4 Rf6 14. e4 Qf8
15. exd5 Rf4 16. Qxe6+ 1-0

[Event "Offene Hessische Senioren Einzelmeisters"]
[Site "Bad Sooden- Allendorf"]
[Date "2013.04.20"]
[Round "1.80"]
[White "Hartlaub, Marianne"]
[Black "Hellwege, Werner"]
[Result "0-1"]
[WhiteElo "1388"]
[BlackElo "1811"]
[PlyCount "90"]
[EventDate "2013.??.??"]
[WhiteTeam "SK 1982 Klingenberg/Main"]
[BlackTeam "SK Lister Turm"]

1. Nf3 Nf6 2. c4 g6 3. Nc3 Bg7 4. d4 d6 5. e4 Nbd7 6. g3 O-O 7. Bg2 e5 8. O-O
c6 9. b3 Re8 10. Bb2 exd4 11. Nxd4 Nc5 12. Re1 Ng4 13. h3 Ne5 14. Bf1 Ned3 15.
Bxd3 Bxd4 16. Bf1 Qf6 17. Qc2 Qf3 18. Bg2 Qxg3 19. Nd1 Qe5 20. Bxd4 Qxd4 21.
Nc3 Qf6 22. Re3 Re5 23. Rae1 Bd7 24. Ne2 Ne6 25. Rf3 Qh4 26. Qd2 Ng5 27. Rf4
Nxh3+ 28. Bxh3 Qxh3 29. Ng3 Qe6 30. Rd1 d5 31. exd5 cxd5 32. cxd5 Qd6 33. Ne4
Qe7 34. Nf6+ Kg7 35. Nxd7 Qxd7 36. Rh4 h5 37. Qd4 f6 38. d6 Rg8 39. Kf1 Rc8 40.
Re1 Qb5+ 41. Qc4 Rxc4 42. Rxc4 Kf7 43. Rxe5 Qxe5 44. Rc7+ Kf8 45. d7 Qxc7 0-1